00498nam a22001577a 4500003000400000005001700004008004100021020001800062050002600080100001600106245011200122260005800234300002300292562000600315700001900321OSt20140310181925.0130306t xxu||||| |||| 00| 0 eng d a9781906345020 aHB 74.6 b.An543 2013 aAndain, Ian aCreating lifelong learners :bchallenges for education in the 21st century /cIan Andain and Gerard Murphy. aUnited Kingdom :bInternational Baccalaureate,c2008. a154 p. :c23 cm. ; e1 aMurphy, Gerard